MARC

LEADER 00000cam a2200000 7i4500
001 0000018345
005 20071213.0
040 |a INS 
090 0 0 |a M144 
110 2 |a Executive leadership programme Modul 1   |k 2006 8 - 10 May   |c Cherating, Pahang 
245 0 0 |a Executive leadership programme modul 1 :   |b 8 -10 May 2006   |c Organised by Management and Information Technology Centre INSPEN 
260 |a Bangi :   |b Institut Penilaian Negara ,   |c 2006 
300 |a 1 v. (various paging) :   |b ill ;   |c 30 cm. 
650 0 0 |a Executives   |x Handbooks, manuals, etc. 
650 0 0 |a Leadership   |x Handbooks, manuals, etc. 
710 1 |a INSPEN (Institut Penilaian Negara) 
856 |u http://app.inspen.gov.my:7779/pls/portal/docs/PAGE/CORPORATEPAGES/PORTAL_INSPEN/NOTA_KURSUS/MANAGEMENT/O)%20EXECUTIVE%20LEADERSHIP%20PROGRAMME-%20MODULE%201.PDF 
999 |a M000000238   |b BOOK   |c Course Notes   |e Default branch 
999 |a M000000239   |b BOOK   |c Course Notes   |e Default branch 
999 |a M000000280   |b BOOK   |c Course Notes   |e Default branch